| 000 | 00422nam a2200169Ia 4500 | ||
|---|---|---|---|
| 008 | 260520s2012 xx 000 0 und d | ||
| 020 | _a978-93-560-6237-5 | ||
| 041 | _aeng | ||
| 082 | _a915.4/SAR | ||
| 100 | _aSaroha, Jitender | ||
| 245 | _aGeography of India | ||
| 250 | _a3rd ed | ||
| 260 |
_aNioda _bPearson India Edu. S. Pvt. Ltd. _c2012 |
||
| 300 | _a768p. | ||
| 500 | _aCat No: 15063 | ||
| 650 | _aGEOGRAPHY | ||
| 999 |
_c1221870 _d1221870 |
||